书目信息 |
| 题名: |
跨国公司治理研究
|
|
| 作者: | 王勇 著 | |
| 分册: | ||
| 出版信息: | 北京 中国法制出版社 2012 |
|
| 页数: | 373页 | |
| 开本: | 23cm | |
| 丛书名: | ||
| 单 册: | ||
| 中图分类: | F276.7 | |
| 科图分类: | ||
| 主题词: | 跨国公司--企业管理--研究 , 跨国公司 , 企业管理 | |
| 电子资源: | ||
| ISBN: | 978-7-5093-4044-8 | |
| 000 | 01066nam0 2200265 450 | |
| 001 | 523 | |
| 005 | 20140909092729.10 | |
| 010 | @a978-7-5093-4044-8@dCNY58.00 | |
| 100 | @a20121220d2012 em y0chiy50 ea | |
| 101 | 0 | @achi |
| 102 | @aCN@b110000 | |
| 105 | @ay z 000yy | |
| 106 | @ar | |
| 200 | 1 | @a跨国公司治理研究@AKua Guo Gong Si Zhi Li Yan Jiu@dA study on governance of transnational corporations@f王勇著@FWang Yong Zhu@zeng |
| 210 | @a北京@c中国法制出版社@d2012 | |
| 215 | @a373页@d23cm | |
| 330 | @a本书分析跨国公司治理的基本理论,研究影响跨国公司治理的各种因素,比较分析世界各国跨国公司治理的不同模式,提出当代社会跨国公司发展的最新理念,并指出中国跨国公司治理存在的问题,对中国跨国公司治理,特别是针对中国国有跨国公司治理提出具体的改革意见与建议。 | |
| 510 | 1 | @aStudy on governance of transnational corporations@zeng |
| 606 | 0 | @a跨国公司@x企业管理@x研究 |
| 606 | 0 | @a跨国公司 |
| 606 | 0 | @a企业管理 |
| 690 | @aF276.7@v5 | |
| 701 | 0 | @a王勇@AWang Yong@c(行政法学)@4著 |
| 801 | 0 | @aCN@bTANGWEI@c20140603 |
| 905 | @b0840917-19@dF276.7@e1119@f3 | |
| 跨国公司治理研究=A study on governance of transnational corporations/王勇著.-北京:中国法制出版社,2012 |
| 373页;23cm |
| ISBN 978-7-5093-4044-8:CNY58.00 |
| 本书分析跨国公司治理的基本理论,研究影响跨国公司治理的各种因素,比较分析世界各国跨国公司治理的不同模式,提出当代社会跨国公司发展的最新理念,并指出中国跨国公司治理存在的问题,对中国跨国公司治理,特别是针对中国国有跨国公司治理提出具体的改革意见与建议。 |
| ● |
| 相关链接 |
|
|
|
|
正题名:跨国公司治理研究
索取号:F276.7/1119
 
预约/预借
| 序号 | 登录号 | 条形码 | 馆藏地/架位号 | 状态 | 备注 |
| 1 | 0840917 | 208409177 | 第一样本阅览室/ [索取号:F276.7/1119] | 在馆 | |
| 2 | 0840918 | 208409186 | 第一借阅区/ [索取号:F276.7/1119] | 在馆 | |
| 3 | 0840919 | 208409195 | 密集书库-海洋学院/ [索取号:F276.7/1119] | 在馆 |